000 00672nam a2200217Ii 4500
003 JO-AjNU
008 230605s9999||||xx |||||||||||||| ||und||
040 _aJO-AjNU
_bara
_erda
_cJO-AjNU
041 _aara
050 1 4 _aQA8.4.K4412 1987
100 3 _aكلاين، مورس,
_eauthor
_97930
245 0 0 _aالرياضيات والبحث عن المعرفة
250 _aط1
264 3 1 _aبغداد:دار الشؤون الثقافية ، 1987
300 _a250ص
336 _atext
_btxt
_2rdacontent
337 _aunmediated
_bn
_2rdamedia
338 _avolume
_bnc
_2rdacarrier
490 0 _aسلسلة المائة كتاب
650 4 _aالرياضيات
_97931
999 _aA528
_c4096
_d4096